000 00661nam a22002057a 4500
005 20251108165851.0
008 250721s9999 xx 000 0 ara d
082 1 4 _aط/961.202/دقا
100 1 _aالدقاق، عمر
245 1 0 _aمعركة الجبل الأخضر 1912-1931 /
264 1 _aبيروت :
_bدار الشرق العربي،
_c[19-].
300 _a138ص
490 0 _aمعارك حربية فاصلة : عربية و إسلامية
650 1 7 _aليبيا
650 1 7 _aالتاريخ
650 1 7 _aالإستعمار البريطاني
653 _aناشئون صغار ( 10 - 14 سنة )
942 _2ddc
_cBK
999 _c33379
_d33379